000 03409nam a2200469 i 4500
001 768714001
003 CO-MdFUSB
005 20260123085028.0
007 ta
007 cr aa aaaaa
008 180510t2010 sp |||| |||| 00| 0 spa d
020 _a9788482675503
_qimpreso
020 _a9788482675992
_qelectrónico
040 _aCO-MdFUSB
_bspa
_cCO-MdFUSB
_dCO-MdFUSBC
_erda
041 _aspa
082 0 4 _a230
_223
_bH6881t
100 1 _aHodge, Charles (1797-1878)
_eautor
245 1 0 _aTeología sistemática
_b: teología reformada clásica
_c/ Charles Hodge, D. D. ; traducido y condensado por Santiago Escuain
264 1 _aBarcelona, España :
_b CLIE,
_c[2010]
264 4 _c© 2010
300 _a956 páginas
_c;
336 _2rdacontent
_atexto
_btxt
337 _asin mediación
_bn
337 _2rdamedia
_ainformático
_bc
338 _2rdacarrier
_avolumen
_bnc
338 _2rdacarrier
_aremoto
_bcr
500 _aLos textos [entre corchetes] son palabras añadidas por el traductor para dar claridad bien añadiendo antecedentes inexistentes en el presente texto debido a la condensación, bien por otras causas. También ocasionalmente traducciones de términos latinos o de otras lenguas que el autor da sin traducir. Excepto cuando se de mención expresa de ello, las citas bíblicas han sido tomadas de la versión Reina-Valera, Revisión 1977.
505 _gIntroducción:
_aSobre el método. -- Teología. -- El racionalismo. -- Misticismo. -- La doctrina católicorromana acerca de la regla de la fe. -- La regla protestante de la fe.
_gParte I:
_tTeología propia:
_aEl origen de la idea de Dios. -- Teísmo. -- Teorías anti-teístas. -- El conocimiento de Dios. -- La naturaleza y los atributos de Dios. -- La trinidad. -- La deidad de Cristo. -- El Espíritu Santo. -- Los decretos de Dios. -- La creación. -- La providencia. -- Milagros. -- Los ángeles.
_gParte II:
_tAntropología:
_aEl origen del hombre. -- La naturaleza del hombre. -- El origen del alma. -- Unidad de la raza humana. -- El estado original del hombre. -- El pacto de obras. -- La caída. -- El pecado. -- Libre albedrío.
_gParte III:
_tSoteriología:
_aEl plan de salvación. -- El pacto de la gracia. -- La persona de Cristo. -- La obra mediadora de Cristo. -- El oficio profético. -- El oficio sacerdotal. -- La satisfacción de Cristo. -- ¿Por quiénes murió Cristo? -- Teorías de la expiación. -- La intercesión de Cristo. -- El oficio regio de Cristo. -- La humillación de Cristo. -- La exaltación de Cristo.
_gParte IV:
_tEscatología:
_aEl estado del alma después de la muerte. -- La resurrección. -- Los eventos concomitantes de la segunda venida.
506 _aPréstamo en biblioteca del libro físico
506 _aSolicitar clave y usuario para acceder al libro electrónico.
506 _aLibro multiusuario.
563 _aPasta dura
650 0 _aTeología postmoderna
_9504
650 0 _aTeología dogmática
_91260
_xHistoria
_yEdad Media, 600-1500
653 _aTeología contemporánea
653 _aTeología - Reformada - Clásica
700 _aEscuain, Santiago.
_etraductor
_92132
856 _b2168321
_uhttp://search.ebscohost.com/login.aspx?direct=true&scope=site&db=nlebk&db=nlabk&AN=2168321
_zAbrir Versión electrónica del libro Teología sistemática : teología reformada clásica
942 _cBK
945 _aJTF-925
999 _c40347
_d40347